[Event "British Rapidplay 2017"]
[Site "Leeds"]
[Date "2017.11.18"]
[Round "1.1"]
[White "Alsina Leal, Daniel"]
[Black "Burke, Mitchell R"]
[Result "1-0"]
[BlackElo "2009"]
[WhiteElo "2508"]
[LiveChessVersion "1.4.8"]

1. e4 {[%clk 0:20:17]} c5 {[%clk 0:20:14]} 2. Nf3 {[%clk 0:20:24]} d6
{[%clk 0:20:18]} 3. Bb5+ {[%clk 0:20:24]} Bd7 {[%clk 0:20:06]} 4. c4
{[%clk 0:20:08]} Nf6 {[%clk 0:19:46]} 5. Nc3 {[%clk 0:20:12]} g6 {[%clk 0:18:58]}
6. O-O {[%clk 0:20:17]} Bg7 {[%clk 0:19:06]} 7. d4 {[%clk 0:20:11]} cxd4
{[%clk 0:19:13]} 8. Nxd4 {[%clk 0:20:19]} O-O {[%clk 0:19:08]} 9. f3
{[%clk 0:19:55]} Nc6 {[%clk 0:17:11]} 10. Be3 {[%clk 0:19:50]} a6
{[%clk 0:15:50]} 11. Nxc6 {[%clk 0:19:19]} bxc6 {[%clk 0:14:21]} 12. Ba4
{[%clk 0:19:26]} Rb8 {[%clk 0:14:17]} 13. Qd2 {[%clk 0:16:48]} c5
{[%clk 0:10:59]} 14. Bxd7 {[%clk 0:10:30]} Nxd7 {[%clk 0:10:50]} 15. Rac1
{[%clk 0:10:31]} Ne5 {[%clk 0:09:32]} 16. b3 {[%clk 0:10:38]} Nc6
{[%clk 0:09:34]} 17. f4 {[%clk 0:10:42]} Nd4 {[%clk 0:08:46]} 18. f5
{[%clk 0:10:40]} e6 {[%clk 0:05:42]} 19. g4 {[%clk 0:06:58]} Qh4 {[%clk 0:04:43]}
20. Qg2 {[%clk 0:06:44]} exf5 {[%clk 0:01:59]} 21. gxf5 {[%clk 0:06:43]} Rbe8
{[%clk 0:01:23]} 22. Bg5 {[%clk 0:05:22]} Qh5 {[%clk 0:01:27]} 23. Bf4
{[%clk 0:03:06]} Bh6 {[%clk 0:00:51]} 24. Kh1 {[%clk 0:01:56]} Kh8
{[%clk 0:00:29]} 25. Bxd6 {[%clk 0:00:57]} Bxc1 {[%clk 0:00:30]} 26. Bxc5
{[%clk 0:01:00]} Be3 {[%clk 0:00:16]} 27. Nd5 {[%clk 0:01:00]} Nc2
{[%clk 0:00:12]} 28. Bxf8 {[%clk 0:00:52]} Rxf8 {[%clk 0:00:11]} 29. Qxc2
{[%clk 0:01:01]} Bd4 {[%clk 0:00:13]} 30. Qd1 {[%clk 0:01:05]} Qh3
{[%clk 0:00:12]} 31. Qxd4+ {[%clk 0:01:12]} 1-0

[Event "British Rapidplay 2017"]
[Site "Leeds"]
[Date "2017.11.18"]
[Round "1.2"]
[White "Combie, Alex B"]
[Black "Davies, Nigel R"]
[Result "0-1"]
[BlackElo "2477"]
[WhiteElo "1976"]
[LiveChessVersion "1.4.8"]

1. d4 {[%clk 0:20:17]} Nf6 {[%clk 0:20:14]} 2. c4 {[%clk 0:20:15]} d6
{[%clk 0:20:22]} 3. Nc3 {[%clk 0:20:19]} Nbd7 {[%clk 0:20:29]} 4. Nf3
{[%clk 0:20:17]} c6 {[%clk 0:20:39]} 5. e4 e5 {[%clk 0:20:48]} 6. d5
{[%clk 0:19:03]} Be7 {[%clk 0:20:08]} 7. Be2 {[%clk 0:18:40]} O-O
{[%clk 0:19:58]} 8. O-O {[%clk 0:18:30]} a6 {[%clk 0:19:59]} 9. h3
{[%clk 0:13:22]} cxd5 {[%clk 0:17:21]} 10. cxd5 {[%clk 0:13:24]} b5
{[%clk 0:17:23]} 11. a3 {[%clk 0:13:10]} Nb6 {[%clk 0:17:13]} 12. b3
{[%clk 0:12:55]} Bd7 {[%clk 0:17:14]} 13. Be3 {[%clk 0:12:45]} Qb8
{[%clk 0:17:15]} 14. Ne1 {[%clk 0:07:17]} Rc8 {[%clk 0:17:06]} 15. Rc1
{[%clk 0:05:31]} a5 {[%clk 0:16:58]} 16. f3 {[%clk 0:05:06]} Nh5 {[%clk 0:16:17]}
17. Nd3 {[%clk 0:02:56]} Ng3 {[%clk 0:14:53]} 18. Re1 {[%clk 0:03:00]} f5
{[%clk 0:13:29]} 19. Nf2 {[%clk 0:01:13]} Bh4 {[%clk 0:06:36]} 20. Bxb5
{[%clk 0:00:25]} f4 {[%clk 0:05:32]} 21. Bxd7 {[%clk 0:00:13]} Nxd7
{[%clk 0:05:36]} 22. Bd2 {[%clk 0:00:18]} Qa7 {[%clk 0:05:10]} 23. Rf1
{[%clk 0:00:13]} Nxf1 {[%clk 0:04:50]} 24. Qxf1 {[%clk 0:00:16]} Rab8
{[%clk 0:04:53]} 25. Ne2 {[%clk 0:00:12]} Nc5 {[%clk 0:04:21]} 26. Kh2
{[%clk 0:00:11]} Nxb3 {[%clk 0:04:23]} 27. Rxc8+ {[%clk 0:00:15]} Rxc8
{[%clk 0:04:32]} 28. Be1 {[%clk 0:00:13]} Rc2 {[%clk 0:04:10]} 29. Nd3
{[%clk 0:00:13]} Bxe1 {[%clk 0:04:02]} 30. Qxe1 {[%clk 0:00:15]} Qe3
{[%clk 0:03:45]} 31. Ng1 0-1

[Event "British Rapidplay 2017"]
[Site "Leeds"]
[Date "2017.11.18"]
[Round "1.3"]
[White "Sarakauskas, Gediminas"]
[Black "Van Kemenade, Rudy"]
[Result "1-0"]
[BlackElo "1972"]
[WhiteElo "2311"]
[LiveChessVersion "1.4.8"]

1. e4 {[%clk 0:20:18]} e5 {[%clk 0:20:17]} 2. Nf3 {[%clk 0:20:26]} Nf6
{[%clk 0:20:24]} 3. Nc3 {[%clk 0:20:33]} Bb4 {[%clk 0:20:30]} 4. Nxe5
{[%clk 0:20:40]} O-O {[%clk 0:20:35]} 5. Be2 {[%clk 0:20:47]} Re8
{[%clk 0:20:42]} 6. Nd3 {[%clk 0:20:55]} Bxc3 {[%clk 0:20:47]} 7. dxc3
{[%clk 0:21:03]} Nxe4 {[%clk 0:20:51]} 8. O-O {[%clk 0:21:09]} d6
{[%clk 0:20:55]} 9. Nf4 {[%clk 0:20:27]} Nd7 {[%clk 0:20:55]} 10. c4
{[%clk 0:20:20]} a5 {[%clk 0:20:51]} 11. a4 {[%clk 0:20:28]} Ndc5
{[%clk 0:20:45]} 12. Nd5 {[%clk 0:19:38]} Bd7 {[%clk 0:20:41]} 13. f3
{[%clk 0:19:00]} Ng5 {[%clk 0:20:13]} 14. Bxg5 {[%clk 0:18:44]} Qxg5
{[%clk 0:20:18]} 15. Nxc7 {[%clk 0:18:51]} Nxa4 {[%clk 0:19:36]} 16. Nxa8
{[%clk 0:16:36]} Qc5+ {[%clk 0:19:40]} 17. Kh1 {[%clk 0:15:52]} Rxa8
{[%clk 0:19:43]} 18. b3 {[%clk 0:14:25]} Nb6 {[%clk 0:19:29]} 19. Qd2
{[%clk 0:13:55]} a4 {[%clk 0:18:52]} 20. Rfd1 {[%clk 0:13:57]} a3
{[%clk 0:18:20]} 21. Qxd6 {[%clk 0:13:59]} Qxd6 {[%clk 0:18:04]} 22. Rxd6
{[%clk 0:14:07]} Bc6 {[%clk 0:18:05]} 23. Rxa3 {[%clk 0:14:05]} Rxa3
{[%clk 0:18:00]} 24. Rd8+ {[%clk 0:14:13]} Be8 {[%clk 0:18:03]} 25. Rxe8#
{[%clk 0:14:21]} 1-0

[Event "British Rapidplay 2017"]
[Site "Leeds"]
[Date "2017.11.18"]
[Round "1.4"]
[White "Keely, Leo A"]
[Black "Storey, Charles H"]
[Result "0-1"]
[BlackElo "2225"]
[WhiteElo "1968"]
[LiveChessVersion "1.4.8"]

1. e4 {[%clk 0:20:16]} g6 {[%clk 0:20:19]} 2. Nc3 {[%clk 0:20:23]} Bg7
{[%clk 0:20:28]} 3. f4 {[%clk 0:20:29]} c5 {[%clk 0:20:37]} 4. Nf3
{[%clk 0:20:14]} Nc6 {[%clk 0:20:10]} 5. Bb5 {[%clk 0:20:07]} Nd4
{[%clk 0:20:05]} 6. O-O {[%clk 0:20:02]} Nxb5 {[%clk 0:20:10]} 7. Nxb5
{[%clk 0:20:09]} b6 {[%clk 0:20:11]} 8. d3 {[%clk 0:18:03]} Bb7 {[%clk 0:19:41]}
9. Nc3 {[%clk 0:17:18]} Nf6 {[%clk 0:19:37]} 10. e5 {[%clk 0:16:16]} Nd5
{[%clk 0:19:38]} 11. Ne4 {[%clk 0:16:00]} Qc7 {[%clk 0:19:18]} 12. c4
{[%clk 0:15:14]} Nb4 {[%clk 0:19:14]} 13. a3 {[%clk 0:15:20]} Nc6
{[%clk 0:18:38]} 14. Qe2 {[%clk 0:15:18]} O-O {[%clk 0:18:40]} 15. Bd2
{[%clk 0:14:31]} d6 {[%clk 0:18:01]} 16. e6 {[%clk 0:13:42]} f5 {[%clk 0:16:31]}
17. Nc3 {[%clk 0:13:08]} Nd4 {[%clk 0:15:28]} 18. Nxd4 {[%clk 0:13:08]} cxd4
{[%clk 0:15:22]} 19. Nd5 {[%clk 0:11:26]} Bxd5 {[%clk 0:15:30]} 20. cxd5
{[%clk 0:11:34]} Qb7 {[%clk 0:15:35]} 21. Qf3 {[%clk 0:11:39]} Rac8
{[%clk 0:15:33]} 22. Rac1 {[%clk 0:11:46]} Rc5 {[%clk 0:15:23]} 23. b4
{[%clk 0:08:59]} Rxc1 {[%clk 0:13:43]} 24. Rxc1 {[%clk 0:09:07]} Rc8
{[%clk 0:13:52]} 25. Rc6 {[%clk 0:08:17]} b5 {[%clk 0:13:42]} 26. h4
{[%clk 0:07:47]} h5 {[%clk 0:13:24]} 27. Kh2 {[%clk 0:06:35]} Bf6
{[%clk 0:13:31]} 28. Be1 {[%clk 0:05:28]} Rc7 {[%clk 0:13:31]} 29. Bf2
{[%clk 0:03:34]} Qc8 {[%clk 0:13:30]} 30. g3 {[%clk 0:03:01]} Kf8
{[%clk 0:12:48]} 31. Qh1 {[%clk 0:03:10]} Ke8 {[%clk 0:11:44]} 32. Qc1
{[%clk 0:03:18]} Rxc6 {[%clk 0:11:37]} 33. dxc6 {[%clk 0:03:20]} Kd8
{[%clk 0:11:43]} 34. Kg2 {[%clk 0:02:59]} Kc7 {[%clk 0:11:21]} 35. Qa1
{[%clk 0:02:52]} Qxe6 {[%clk 0:11:23]} 36. Bxd4 {[%clk 0:03:00]} Qd5+
{[%clk 0:11:08]} 0-1

[Event "British Rapidplay 2017"]
[Site "Leeds"]
[Date "2017.11.18"]
[Round "2.1"]
[White "Shaw, Peter"]
[Black "Alsina Leal, Daniel"]
[Result "0-1"]
[BlackElo "2508"]
[WhiteElo "2079"]
[LiveChessVersion "1.4.8"]

1. d4 {[%clk 0:20:17]} Nf6 {[%clk 0:20:17]} 2. c4 {[%clk 0:20:25]} g6
{[%clk 0:20:25]} 3. Nc3 {[%clk 0:20:32]} d5 {[%clk 0:20:33]} 4. cxd5
{[%clk 0:20:37]} Nxd5 {[%clk 0:20:42]} 5. Bd2 {[%clk 0:20:38]} Bg7
{[%clk 0:20:42]} 6. e4 {[%clk 0:20:44]} Nb6 {[%clk 0:20:51]} 7. Be3
{[%clk 0:20:44]} O-O {[%clk 0:20:55]} 8. h3 {[%clk 0:20:46]} e5 {[%clk 0:20:52]}
9. dxe5 {[%clk 0:20:07]} Bxe5 {[%clk 0:20:57]} 10. Nf3 {[%clk 0:20:04]} Bg7
{[%clk 0:20:11]} 11. Bd3 {[%clk 0:18:46]} Nc6 {[%clk 0:19:09]} 12. Rc1
{[%clk 0:18:30]} Be6 {[%clk 0:15:32]} 13. b3 {[%clk 0:16:35]} Nd4
{[%clk 0:13:50]} 14. Nxd4 {[%clk 0:15:10]} Bxd4 {[%clk 0:13:58]} 15. Bxd4
{[%clk 0:13:29]} Qxd4 {[%clk 0:14:07]} 16. O-O {[%clk 0:13:23]} Rad8
{[%clk 0:13:57]} 17. Bb1 {[%clk 0:12:51]} c6 {[%clk 0:07:20]} 18. Qf3
{[%clk 0:12:15]} a5 {[%clk 0:07:08]} 19. Rfd1 {[%clk 0:11:47]} Qb4
{[%clk 0:06:32]} 20. Qe3 {[%clk 0:10:39]} a4 {[%clk 0:05:20]} 21. Nxa4
{[%clk 0:04:10]} Nxa4 {[%clk 0:05:21]} 22. bxa4 {[%clk 0:04:18]} Qxa4
{[%clk 0:05:19]} 23. Qe2 {[%clk 0:03:00]} Bc4 {[%clk 0:04:20]} 24. Qe1
{[%clk 0:02:18]} Bxa2 {[%clk 0:03:55]} 25. Bxa2 {[%clk 0:02:25]} Qxa2
{[%clk 0:04:03]} 26. Qc3 {[%clk 0:02:12]} Qe6 {[%clk 0:03:57]} 27. Qb4
{[%clk 0:02:07]} Rd7 {[%clk 0:03:39]} 28. Rxd7 {[%clk 0:02:02]} Qxd7
{[%clk 0:03:48]} 29. Rb1 {[%clk 0:02:01]} b5 {[%clk 0:03:56]} 30. Rc1
{[%clk 0:01:58]} Re8 {[%clk 0:03:15]} 31. Ra1 {[%clk 0:00:55]} Qe7
{[%clk 0:03:04]} 32. Qc3 {[%clk 0:00:13]} Qxe4 {[%clk 0:03:02]} 33. Qf6
{[%clk 0:00:20]} Qe5 {[%clk 0:03:03]} 0-1

[Event "British Rapidplay 2017"]
[Site "Leeds"]
[Date "2017.11.18"]
[Round "2.2"]
[White "Davies, Nigel R"]
[Black "Jones, Steven A"]
[Result "0-1"]
[BlackElo "2088"]
[WhiteElo "2477"]
[LiveChessVersion "1.4.8"]

1. g3 {[%clk 0:20:18]} Nf6 {[%clk 0:19:48]} 2. Bg2 {[%clk 0:20:26]} e5
{[%clk 0:19:47]} 3. c4 {[%clk 0:20:30]} c6 {[%clk 0:19:56]} 4. d4
{[%clk 0:20:34]} exd4 {[%clk 0:20:04]} 5. Qxd4 {[%clk 0:20:42]} Na6
{[%clk 0:20:14]} 6. Nf3 {[%clk 0:20:34]} Bc5 {[%clk 0:20:23]} 7. Qe5+
{[%clk 0:20:13]} Be7 {[%clk 0:20:31]} 8. O-O {[%clk 0:20:12]} O-O
{[%clk 0:20:39]} 9. Nc3 {[%clk 0:19:19]} Re8 {[%clk 0:20:48]} 10. Rd1
{[%clk 0:18:19]} Bb4 {[%clk 0:19:15]} 11. Qd4 {[%clk 0:17:00]} Qb6
{[%clk 0:17:27]} 12. Qxb6 {[%clk 0:15:05]} axb6 {[%clk 0:17:35]} 13. Na4
{[%clk 0:14:49]} Ba5 {[%clk 0:15:17]} 14. Be3 {[%clk 0:13:55]} b5
{[%clk 0:14:04]} 15. cxb5 {[%clk 0:12:56]} cxb5 {[%clk 0:14:11]} 16. Nb6
{[%clk 0:11:57]} Bxb6 {[%clk 0:14:16]} 17. Bxb6 {[%clk 0:12:05]} Rxe2
{[%clk 0:13:42]} 18. Bd4 {[%clk 0:10:31]} Nb4 {[%clk 0:12:21]} 19. Bf1
{[%clk 0:06:34]} Re6 {[%clk 0:10:26]} 20. a3 {[%clk 0:06:30]} Nc6
{[%clk 0:09:19]} 21. Bxb5 {[%clk 0:06:19]} d5 {[%clk 0:09:24]} 22. Rac1
{[%clk 0:06:14]} Ne4 {[%clk 0:09:17]} 23. Be3 {[%clk 0:06:06]} Rd6
{[%clk 0:08:32]} 24. Bf4 {[%clk 0:05:47]} Rd8 {[%clk 0:08:41]} 25. Nd4
{[%clk 0:05:36]} Nxd4 {[%clk 0:08:38]} 26. Rxd4 {[%clk 0:05:44]} Be6
{[%clk 0:07:51]} 27. Rc7 {[%clk 0:05:32]} b6 {[%clk 0:07:04]} 28. Rc6
{[%clk 0:04:47]} Rac8 {[%clk 0:06:38]} 29. f3 {[%clk 0:02:41]} Rxc6
{[%clk 0:05:57]} 30. Bxc6 {[%clk 0:02:49]} Nd6 {[%clk 0:06:01]} 31. Ra4
{[%clk 0:02:42]} Rc8 {[%clk 0:04:41]} 32. Ra8 {[%clk 0:02:40]} Rxa8
{[%clk 0:04:50]} 33. Bxa8 {[%clk 0:02:49]} Nc4 {[%clk 0:04:59]} 34. Bc1
{[%clk 0:02:50]} Kf8 {[%clk 0:03:54]} 35. Kf2 {[%clk 0:02:41]} Ke7
{[%clk 0:03:55]} 36. Bb7 {[%clk 0:02:35]} Kd7 {[%clk 0:03:54]} 37. Ba6
{[%clk 0:02:34]} Kc6 {[%clk 0:03:36]} 38. a4 {[%clk 0:02:43]} d4 {[%clk 0:03:33]}
39. Ke2 {[%clk 0:02:41]} Kc5 {[%clk 0:03:31]} 40. b3 {[%clk 0:02:21]} Ne5
{[%clk 0:03:39]} 41. Ba3+ {[%clk 0:02:18]} Kc6 {[%clk 0:03:42]} 42. Bb5+
{[%clk 0:02:24]} Kc7 {[%clk 0:03:51]} 43. b4 {[%clk 0:02:27]} Bc4+
{[%clk 0:03:01]} 44. Bxc4 Nxc4 {[%clk 0:03:10]} 45. Bc1 {[%clk 0:02:45]} Kc6
{[%clk 0:03:13]} 46. Kd3 {[%clk 0:02:51]} Kd5 {[%clk 0:03:23]} 47. f4
{[%clk 0:02:12]} f5 {[%clk 0:03:16]} 48. Kc2 {[%clk 0:02:16]} Ke4
{[%clk 0:02:58]} 49. Kb3 {[%clk 0:02:25]} Kd3 {[%clk 0:02:49]} 50. h3
{[%clk 0:02:01]} h5 {[%clk 0:02:54]} 51. a5 {[%clk 0:01:28]} bxa5
{[%clk 0:03:01]} 52. b5 {[%clk 0:01:37]} Nb6 {[%clk 0:02:50]} 53. Ba3
{[%clk 0:01:39]} a4+ {[%clk 0:02:10]} 54. Kb4 {[%clk 0:01:45]} Kc2
{[%clk 0:02:19]} 55. Kc5 {[%clk 0:01:20]} d3 {[%clk 0:02:28]} 56. Bb4
{[%clk 0:01:27]} a3 {[%clk 0:02:38]} 0-1

[Event "British Rapidplay 2017"]
[Site "Leeds"]
[Date "2017.11.18"]
[Round "2.3"]
[White "Milson, Samuel A"]
[Black "Sarakauskas, Gediminas"]
[Result "1-0"]
[BlackElo "2311"]
[WhiteElo "2076"]
[LiveChessVersion "1.4.8"]

1. e4 {[%clk 0:20:18]} e5 {[%clk 0:20:19]} 2. Nf3 {[%clk 0:20:26]} Nc6
{[%clk 0:20:29]} 3. Bc4 {[%clk 0:19:59]} Bc5 {[%clk 0:20:37]} 4. O-O
{[%clk 0:20:06]} Nf6 {[%clk 0:20:41]} 5. d4 {[%clk 0:20:09]} Bxd4
{[%clk 0:20:39]} 6. Nxd4 {[%clk 0:20:17]} Nxd4 {[%clk 0:20:41]} 7. f4
{[%clk 0:20:24]} d6 {[%clk 0:20:48]} 8. fxe5 {[%clk 0:20:32]} dxe5
{[%clk 0:20:57]} 9. Bg5 {[%clk 0:20:40]} Be6 {[%clk 0:20:49]} 10. Na3
{[%clk 0:20:48]} Qe7 {[%clk 0:20:42]} 11. c3 {[%clk 0:20:23]} Bxc4
{[%clk 0:20:47]} 12. Nxc4 {[%clk 0:20:30]} Ne6 {[%clk 0:20:55]} 13. Bxf6
{[%clk 0:19:58]} Qc5+ {[%clk 0:21:02]} 14. Kh1 {[%clk 0:19:54]} Qxc4
{[%clk 0:21:09]} 15. Bxe5 {[%clk 0:19:47]} Rd8 {[%clk 0:20:56]} 16. Qf3
{[%clk 0:18:49]} O-O {[%clk 0:21:01]} 17. Qg3 {[%clk 0:17:11]} Rd3
{[%clk 0:18:35]} 18. Rf3 {[%clk 0:16:33]} Rfd8 {[%clk 0:18:39]} 19. Qg4
{[%clk 0:15:31]} Rd1+ 1-0

[Event "British Rapidplay 2017"]
[Site "Leeds"]
[Date "2017.11.18"]
[Round "3.1"]
[White "Alsina Leal, Daniel"]
[Black "Klingher, Dominic"]
[Result "0-1"]
[BlackElo "2143"]
[WhiteElo "2508"]
[LiveChessVersion "1.4.8"]

1. e4 {[%clk 0:20:17]} e6 {[%clk 0:20:19]} 2. d4 {[%clk 0:20:26]} d5
{[%clk 0:20:28]} 3. Nd2 {[%clk 0:20:34]} Nf6 {[%clk 0:20:37]} 4. e5
{[%clk 0:20:38]} Nfd7 {[%clk 0:20:45]} 5. Bd3 {[%clk 0:20:44]} c5
{[%clk 0:20:54]} 6. c3 {[%clk 0:20:53]} Nc6 {[%clk 0:21:03]} 7. Ne2
{[%clk 0:21:02]} cxd4 {[%clk 0:21:11]} 8. cxd4 {[%clk 0:21:11]} f6
{[%clk 0:21:19]} 9. exf6 {[%clk 0:21:18]} Nxf6 {[%clk 0:21:28]} 10. O-O
{[%clk 0:21:24]} Bd6 {[%clk 0:21:36]} 11. Nf3 {[%clk 0:21:32]} Qc7
{[%clk 0:21:45]} 12. g3 {[%clk 0:21:28]} O-O {[%clk 0:21:49]} 13. Bf4
{[%clk 0:21:36]} Bd7 {[%clk 0:21:54]} 14. Rc1 {[%clk 0:15:16]} Be8
{[%clk 0:22:01]} 15. Ne5 {[%clk 0:12:57]} Nh5 {[%clk 0:21:39]} 16. Nxc6
{[%clk 0:12:40]} bxc6 {[%clk 0:21:00]} 17. Bxd6 {[%clk 0:12:30]} Qxd6
{[%clk 0:21:09]} 18. f4 {[%clk 0:11:28]} Nf6 {[%clk 0:20:44]} 19. Qc2
{[%clk 0:10:54]} Rb8 {[%clk 0:20:44]} 20. b3 {[%clk 0:10:43]} Qb4
{[%clk 0:20:36]} 21. Qc3 {[%clk 0:09:06]} Qa3 {[%clk 0:19:14]} 22. Rc2
{[%clk 0:08:58]} Rb6 {[%clk 0:19:10]} 23. Qc5 {[%clk 0:08:37]} Qxc5
{[%clk 0:19:16]} 24. Rxc5 {[%clk 0:08:37]} Kf7 {[%clk 0:19:11]} 25. Ra5
{[%clk 0:08:26]} Rb7 {[%clk 0:19:10]} 26. Nc3 {[%clk 0:07:52]} Ke7
{[%clk 0:18:59]} 27. Bc2 {[%clk 0:06:28]} Kd6 {[%clk 0:18:55]} 28. a3
{[%clk 0:06:11]} Nd7 {[%clk 0:18:29]} 29. b4 {[%clk 0:05:59]} h6 {[%clk 0:18:10]}
30. Na4 {[%clk 0:05:22]} g5 {[%clk 0:17:20]} 31. fxg5 {[%clk 0:04:26]} Rxf1+
{[%clk 0:17:13]} 32. Kxf1 {[%clk 0:04:35]} hxg5 {[%clk 0:17:21]} 33. Nc5
{[%clk 0:03:57]} Nxc5 {[%clk 0:17:00]} 34. Rxc5 {[%clk 0:04:02]} e5
{[%clk 0:17:03]} 35. dxe5+ {[%clk 0:03:59]} Kxe5 {[%clk 0:17:11]} 36. Rc3
{[%clk 0:03:44]} Rf7+ {[%clk 0:16:10]} 37. Ke2 {[%clk 0:02:19]} Bd7
{[%clk 0:16:18]} 38. Re3+ {[%clk 0:01:26]} Kd4 {[%clk 0:16:18]} 39. Rd3+
{[%clk 0:01:33]} Ke5 {[%clk 0:16:27]} 40. Re3+ {[%clk 0:01:38]} Kd4
{[%clk 0:16:24]} 41. Rd3+ {[%clk 0:01:40]} Ke5 {[%clk 0:16:33]} 42. Re3+
{[%clk 0:01:46]} Kd6 {[%clk 0:14:08]} 43. Bd3 {[%clk 0:01:53]} Bg4+
{[%clk 0:14:12]} 44. Ke1 {[%clk 0:02:00]} c5 {[%clk 0:13:42]} 45. bxc5+
{[%clk 0:02:02]} Kxc5 {[%clk 0:13:51]} 46. Re8 {[%clk 0:01:22]} Kd4
{[%clk 0:13:42]} 47. Bf1 {[%clk 0:01:03]} Rb7 {[%clk 0:13:23]} 48. Rg8
{[%clk 0:00:56]} Rb2 {[%clk 0:11:10]} 49. h4 {[%clk 0:00:19]} Bf3
{[%clk 0:11:06]} 50. Rc8 {[%clk 0:00:13]} gxh4 {[%clk 0:09:54]} 51. gxh4
{[%clk 0:00:22]} Rb3 {[%clk 0:10:01]} 52. Kf2 {[%clk 0:00:18]} Rxa3
{[%clk 0:10:00]} 53. Rf8 {[%clk 0:00:23]} Be4 {[%clk 0:09:52]} 54. h5
{[%clk 0:00:30]} Ra2+ {[%clk 0:10:01]} 55. Kg3 {[%clk 0:00:34]} Ke3
{[%clk 0:09:58]} 56. h6 {[%clk 0:00:39]} d4 {[%clk 0:09:26]} 57. Re8
{[%clk 0:00:21]} Ra3 {[%clk 0:06:22]} 58. Kg4 {[%clk 0:00:16]} d3
{[%clk 0:06:01]} 59. Bg2 {[%clk 0:00:12]} Ra4 {[%clk 0:01:05]} 60. h7
{[%clk 0:00:19]} d2 {[%clk 0:01:14]} 61. Bf3 Kf2 {[%clk 0:00:57]} 62. Bd1
{[%clk 0:00:16]} Bf3+ {[%clk 0:00:39]} 63. Kg5 {[%clk 0:00:11]} Rg4+
{[%clk 0:00:29]} 64. Kh5 {[%clk 0:00:12]} Rg8+ {[%clk 0:00:22]} 65. Bxf3
{[%clk 0:00:12]} Rxe8 {[%clk 0:00:31]} 66. Bg4 {[%clk 0:00:12]} Ke1
{[%clk 0:00:31]} 0-1

[Event "British Rapidplay 2017"]
[Site "Leeds"]
[Date "2017.11.18"]
[Round "3.2"]
[White "Sarakauskas, Gediminas"]
[Black "Burnett, Jim"]
[Result "1-0"]
[BlackElo "2119"]
[WhiteElo "2311"]
[LiveChessVersion "1.4.8"]

1. e4 {[%clk 0:20:18]} e6 {[%clk 0:20:19]} 2. d4 {[%clk 0:20:26]} d5
{[%clk 0:20:28]} 3. Nd2 {[%clk 0:20:34]} c5 {[%clk 0:20:36]} 4. exd5
{[%clk 0:20:40]} Qxd5 {[%clk 0:20:44]} 5. Ngf3 {[%clk 0:20:44]} cxd4
{[%clk 0:20:53]} 6. Bc4 {[%clk 0:20:52]} Qd6 {[%clk 0:21:02]} 7. O-O
{[%clk 0:20:51]} Nf6 {[%clk 0:21:10]} 8. Nb3 {[%clk 0:20:59]} Nc6
{[%clk 0:21:19]} 9. Nbxd4 {[%clk 0:21:07]} Nxd4 {[%clk 0:21:25]} 10. Nxd4
{[%clk 0:21:15]} a6 {[%clk 0:21:35]} 11. c3 {[%clk 0:21:10]} Qc7 {[%clk 0:21:35]}
12. Bb3 {[%clk 0:21:19]} Bd6 {[%clk 0:21:36]} 13. h3 {[%clk 0:21:23]} O-O
{[%clk 0:21:10]} 14. Qf3 {[%clk 0:21:31]} Bd7 {[%clk 0:19:31]} 15. Bg5
{[%clk 0:21:21]} Be5 {[%clk 0:18:43]} 16. Rad1 {[%clk 0:20:10]} Rfe8
{[%clk 0:18:26]} 17. Rfe1 {[%clk 0:20:15]} h6 {[%clk 0:18:01]} 18. Bh4
{[%clk 0:19:04]} Nh7 {[%clk 0:15:46]} 19. Qh5 {[%clk 0:12:46]} Bf6
{[%clk 0:14:08]} 20. Bg3 {[%clk 0:12:45]} Qb6 {[%clk 0:14:14]} 21. Nf5
{[%clk 0:11:48]} g6 {[%clk 0:12:46]} 22. Nxh6+ {[%clk 0:10:28]} Kg7
{[%clk 0:12:34]} 23. Qe2 {[%clk 0:10:18]} Bb5 {[%clk 0:12:30]} 24. c4
{[%clk 0:10:14]} Bxc4 {[%clk 0:12:10]} 25. Qxc4 {[%clk 0:09:45]} Kxh6
{[%clk 0:12:18]} 26. Rd7 {[%clk 0:07:48]} Rac8 {[%clk 0:11:56]} 27. Bc7
{[%clk 0:07:15]} Qa7 {[%clk 0:11:02]} 28. Rxf7 {[%clk 0:07:10]} Rf8
{[%clk 0:08:19]} 29. Qxe6 {[%clk 0:06:28]} Rxc7 {[%clk 0:08:10]} 30. Rxf8
{[%clk 0:06:14]} Re7 {[%clk 0:08:04]} 31. Rxf6 {[%clk 0:06:09]} Rxe6
{[%clk 0:08:10]} 32. Rfxe6 {[%clk 0:06:18]} Qd4 {[%clk 0:07:56]} 33. R1e2
{[%clk 0:06:15]} Nf8 {[%clk 0:07:47]} 34. Re8 {[%clk 0:05:58]} Nd7
{[%clk 0:07:54]} 35. Rd8 {[%clk 0:05:25]} Qd3 {[%clk 0:07:50]} 36. Re1
{[%clk 0:05:17]} 1-0